<?xml version="1.0" encoding="UTF-8"?><?xml-stylesheet type="text/xsl" href="static/style.xsl"?><OAI-PMH xmlns="http://www.openarchives.org/OAI/2.0/" xmlns:xsi="http://www.w3.org/2001/XMLSchema-instance" xsi:schemaLocation="http://www.openarchives.org/OAI/2.0/ http://www.openarchives.org/OAI/2.0/OAI-PMH.xsd"><responseDate>2026-06-01T04:33:07Z</responseDate><request verb="GetRecord" identifier="oai:riuma.uma.es:10630/37138" metadataPrefix="marc">https://riuma.uma.es/rest/oai/request</request><GetRecord><record><header><identifier>oai:riuma.uma.es:10630/37138</identifier><datestamp>2026-02-03T11:27:10Z</datestamp><setSpec>com_10630_2254</setSpec><setSpec>col_10630_37953</setSpec></header><metadata><record xmlns="http://www.loc.gov/MARC21/slim" xmlns:dcterms="http://purl.org/dc/terms/" xmlns:doc="http://www.lyncode.com/xoai" xmlns:xsi="http://www.w3.org/2001/XMLSchema-instance" xsi:schemaLocation="http://www.loc.gov/MARC21/slim http://www.loc.gov/standards/marcxml/schema/MARC21slim.xsd">
   <leader>00925njm 22002777a 4500</leader>
   <datafield ind2=" " ind1=" " tag="042">
      <subfield code="a">dc</subfield>
   </datafield>
   <datafield ind2=" " ind1=" " tag="720">
      <subfield code="a">Liu, Yanli</subfield>
      <subfield code="e">author</subfield>
   </datafield>
   <datafield ind2=" " ind1=" " tag="720">
      <subfield code="a">Aranda, Daniel</subfield>
      <subfield code="e">author</subfield>
   </datafield>
   <datafield ind2=" " ind1=" " tag="720">
      <subfield code="a">Santoro, Fabrizio</subfield>
      <subfield code="e">author</subfield>
   </datafield>
   <datafield ind2=" " ind1=" " tag="260">
      <subfield code="c">2021-07-19</subfield>
   </datafield>
   <datafield ind2=" " ind1=" " tag="520">
      <subfield code="a">We report a computational study on vibronic effects in the spectroscopy, photoinduced processes and&#xd;
decay back to the ground state of aza[7]helicene, a helicene with an unusually high fluorescence&#xd;
quantum yield (QY = 0.39). In a first step, we compute and assign the absorption and electronic circular&#xd;
dichroism (ECD) spectra in its full frequency range from 2.7 to 5.0 eV, accounting for nonadiabatic effects.&#xd;
Then we compute the quantum dynamics of the cascade of ultrafast internal conversions of the highlyexcited singlet states to the lowest-energy one S1. Finally we adopt Fermi golden rule rates to compute the&#xd;
QY of the dye, taking into account the competition between the radiative decay and the nonradiative decays&#xd;
to the ground state and to the energy-accessible triplet states. We use time-dependent density functional&#xd;
theory (TD-DFT), including solvent (dichloromethane) effects within the polarizable continuum model, to&#xd;
parameterize a linear vibronic coupling (LVC) model involving the first lowest 12 singlet states and all the&#xd;
normal coordinates. Nonadiabatic spectra and internal conversions dynamics are then computed through&#xd;
wavepacket propagations with the Multilayer (ML) extension of the Multiconfigurational Time Dependent&#xd;
Hartree method (ML-MCTDH). We highlight the molecular vibrations playing a major role in determining the&#xd;
shape of the spectra and analyse the effect of inter-state couplings. At the same time we report a breakdown&#xd;
of perturbative Herzberg–Teller approach. The computed QY is in perfect agreement with experiment and&#xd;
allows us to ascertain that intersystem crossings are the processes limiting the fluorescence from S1. They&#xd;
involve the three lowest triplet states and are made effective by spin–orbit coupling and vibronic effects.</subfield>
   </datafield>
   <datafield ind1="8" ind2=" " tag="024">
      <subfield code="a">Yanli Liu, Daniel Aranda and Fabrizio Santoro. A computational study of the vibronic effects on the electronic spectra and the photophysics of aza[7]helicene. : Phys. Chem. Chem. Phys., 2021, 23, 16551. DOI: 10.1039/d1cp00822f</subfield>
   </datafield>
   <datafield ind1="8" ind2=" " tag="024">
      <subfield code="a">https://hdl.handle.net/10630/37138</subfield>
   </datafield>
   <datafield ind1="8" ind2=" " tag="024">
      <subfield code="a">10.1039/D1CP00822F</subfield>
   </datafield>
   <datafield tag="653" ind2=" " ind1=" ">
      <subfield code="a">Helicenos</subfield>
   </datafield>
   <datafield ind2="0" ind1="0" tag="245">
      <subfield code="a">A computational study of the vibronic effects on the electronic spectra and the photophysics of aza[7]helicene</subfield>
   </datafield>
</record>
</metadata></record></GetRecord></OAI-PMH>